Statistics for ma lawa ale ma

Click here to take the quiz!

General Stats

  • This quiz has been taken 21 times
  • The average score is 45 of 196

Answers on the Map

Answers color-coded by a green-red scale on the quiz's map according to % correct below.
 

Answer Stats

Country% Correct
ma Ankola
60%
ma Antola
60%
ma Mali
60%
ma Aja
40%
ma Akanisan
40%
ma Alan
40%
ma Alensina
40%
ma Anku lete
40%
ma Anku seli
40%
ma Intonesija
40%
ma Juke
40%
ma Kana
40%
ma Kanata
40%
ma Lawi
40%
ma Losi
40%
ma Malasija
40%
ma Malawi
40%
ma Mewika
40%
ma Nijon
40%
ma Oselija
40%
ma Papuwanijukini
40%
ma Pelu
40%
ma Seki
40%
ma Sonko
40%
ma Opekison
20%
ma Peli
20%
ma Ansikapaputa
20%
ma Asepasan
20%
ma Awisi
20%
ma Ekato
20%
ma Elena
20%
ma Eliteja
20%
ma Epanja
20%
ma Esalasi
20%
ma Esapato
20%
ma Esi
20%
ma Ilakija
20%
ma Ilan
20%
ma Imala
20%
ma Isale
20%
ma Isijopija
20%
ma Isilan
20%
ma Italija
20%
ma Jamanija
20%
ma Kajana
20%
ma Kamelun
20%
ma Kanpija
20%
ma Kanpusi
20%
ma Kanse
20%
ma Kapon
20%
ma Kapuwesi
20%
ma Kasasan
20%
ma Katelo
20%
ma Katemala
20%
ma Kenata
20%
ma Kenja
20%
ma Kilipasi
20%
ma Kine
20%
ma Kinejekatolija
20%
ma Kinepisa
20%
ma Kiposi
20%
ma Kita
20%
ma Kolonpija
20%
ma Komo
20%
ma Konko pi ma Kinsasa
20%
ma Konko pi ma Pasawi
20%
ma Kosalika
20%
ma Kosiwa
20%
ma Kosowe
20%
ma Kukusan
20%
ma Kupa
20%
ma Kuwasi
20%
ma Lajo
20%
ma Lanka
20%
ma Lapewija
20%
ma Lesoto
20%
ma Lijatuwa
20%
ma Lipija
20%
ma Lisensan
20%
ma Lomani
20%
ma Lowasi
20%
ma Lowenki
20%
ma Lowensina
20%
ma Lunpan
20%
ma Lusepu
20%
ma Luwanta
20%
ma Maketonija
20%
ma Makonisa
20%
ma Malakasi
20%
ma Malipe
20%
ma Masu
20%
ma Mata
20%
ma Matele
20%
ma Mesiko
20%
ma Mijama
20%
ma Monako
20%
ma Monkolo
20%
ma Mosanpi
20%
ma Mosijo
20%
ma Motowa
20%
ma Mowisi
20%
ma Mulitanija
20%
ma Najowejo
20%
ma Namipija
20%
ma Naselija
20%
ma Nepa
20%
ma Netelan
20%
ma Nikalawa
20%
ma Nise
20%
ma Nosiki
20%
ma Nusilan
20%
ma Ontula
20%
ma Pakisan
20%
ma Palakawi
20%
ma Palani
20%
ma Palata
20%
ma Panama
20%
ma Panla
20%
ma Papeto
20%
ma Pasila
20%
ma Pawama
20%
ma Pela
20%
ma Pelalusi
20%
ma Penen
20%
ma Penesuwela
20%
ma Pesije
20%
ma Pilipina
20%
ma Pisi
20%
ma Pokasi
20%
ma Polipija
20%
ma Posan
20%
ma Posuka
20%
ma Posuwana
20%
ma Potuke
20%
ma Pukinapaso
20%
ma Pulunsi
20%
ma Puna
20%
ma Sajusi
20%
ma Samalino
20%
ma Sameka
20%
ma Samowa
20%
ma Sanpija
20%
ma Santame
20%
ma Santapiken
20%
ma Sasali
20%
ma Sasutan
20%
ma Sate
20%
ma Sawasi
20%
ma Seneka
20%
ma Senki
20%
ma Senlakola
20%
ma Senlusija
20%
ma Senwinsen
20%
ma Sese
20%
ma Setapika
20%
ma Sijelalijon
20%
ma Sile
20%
ma Simolete
20%
ma Sinita
20%
ma Sinkapo
20%
ma Sinpapuwe
20%
ma Sipe
20%
ma Sipusi
20%
ma Siwewilese
20%
ma Solomon
20%
ma Somalija
20%
ma Sonwa
20%
ma Sopisi
20%
ma Sulija
20%
ma Sulinan
20%
ma Sumi
20%
ma Sutan
20%
ma Suwasi
20%
ma Tansanija
20%
ma Tansi
20%
ma Tawi
20%
ma Toko
20%
ma Tomini
20%
ma Tominika
20%
ma Tona
20%
ma Tosi
20%
ma Tosikison
20%
ma Tuki
20%
ma Tukijaka
20%
ma Tumenusan
20%
ma Tunisi
20%
ma Tuwalu
20%
ma Ukanta
20%
ma Ukawina
20%
ma Ulukawi
20%
ma Uman
20%
ma Utun
20%
ma Wanuwatu
20%
ma Wasikano
20%
ma Wensa
20%
ma Wije
20%

Score Distribution

Percentile by Number Answered

Percent of People with Each Score

Your Score History

You have not taken this quiz